La teoría del subdesarrollo de la CEPAL (Record no. 51127)
[ view plain ]
| 000 -LEADER | |
|---|---|
| fixed length control field | 00662nam a22002057a 4500 |
| 005 - DATE AND TIME OF LATEST TRANSACTION | |
| control field | 20250120120445.0 |
| 008 - FIXED-LENGTH DATA ELEMENTS--GENERAL INFORMATION | |
| fixed length control field | 250120b mx ||||| |||| 00| 0 spa|d |
| 020 ## - INTERNATIONAL STANDARD BOOK NUMBER | |
| International Standard Book Number | 9682305284 |
| 050 04 - LIBRARY OF CONGRESS CALL NUMBER | |
| Classification number | HC125 |
| Item number | R63 1983 |
| 100 1# - MAIN ENTRY--PERSONAL NAME | |
| Personal name | Rodríguez, Octavio |
| 245 13 - TITLE STATEMENT | |
| Title | La teoría del subdesarrollo de la CEPAL |
| Statement of responsibility, etc | / Octavio Rodríguez |
| 250 ## - EDITION STATEMENT | |
| Edition statement | 3a ed. |
| 260 ## - PUBLICATION, DISTRIBUTION, ETC. (IMPRINT) | |
| Place of publication, distribution, etc | México : |
| Name of publisher, distributor, etc | Siglo Veintiuno Editores, |
| Date of publication, distribution, etc | 1983 |
| 300 ## - PHYSICAL DESCRIPTION | |
| Extent | 361 p. ; |
| Other physical details | |
| Dimensions | 22 cm. |
| 490 0# - SERIES STATEMENT | |
| Series statement | Economía y demografía |
| 504 ## - BIBLIOGRAPHY, ETC. NOTE | |
| Bibliography, etc | Incluye bibliografías |
| 651 #7 - SUBJECT ADDED ENTRY--GEOGRAPHIC NAME | |
| Geographic name | América Latina |
| General subdivision | Condiciones económicas |
| Chronological subdivision | 1945- |
| 651 #4 - SUBJECT ADDED ENTRY--GEOGRAPHIC NAME | |
| Geographic name | América Latina |
| General subdivision | Política económica |
| 942 ## - ADDED ENTRY ELEMENTS (KOHA) | |
| Source of classification or shelving scheme | Biblioteca del Cogreso de los Estados Unidos |
| Koha item type | Libro |
| Estado de pérdida | Fuente de clasificación | Estado del daño | No para préstamo | Ubicación permanente | Ubicación actual | Apartado o colección | Fecha de adquisición | Fuente de adquisición | Edición | Enumeración de Serie / Cronológica | Dependencia de educación superior (DES) | Área del conocimiento | Clasificación | Código de Barras | Date last seen | Número de copia | Costo por reposición | Tipo de recurso |
|---|---|---|---|---|---|---|---|---|---|---|---|---|---|---|---|---|---|---|
| Biblioteca del Cogreso de los Estados Unidos | Biblioteca de la Facultad de Economía | Biblioteca de la Facultad de Economía | General | 06/12/2024 | Unidad Académica | 3a ed. | Ciencias Económico Administrativas | Ciencias Sociales y Administrativas | HC125 R63 1983 | BFE000006139 | 16/01/2015 | 1 | 1.00 | Libro | ||||
| Biblioteca del Cogreso de los Estados Unidos | Biblioteca de la Facultad de Economía | Biblioteca de la Facultad de Economía | General | 06/12/2024 | Unidad Académica | 3a ed. | Ciencias Económico Administrativas | Ciencias Sociales y Administrativas | HC125 R63 1983 | BFE000009682 | 08/07/2014 | 2 | 1.00 | Libro | ||||
| Biblioteca del Cogreso de los Estados Unidos | Biblioteca de la Facultad de Economía | Biblioteca de la Facultad de Economía | General | 06/12/2024 | Unidad Académica | 3a ed. | Ciencias Económico Administrativas | Ciencias Sociales y Administrativas | HC125 R63 1983 | BFE000009688 | 08/07/2014 | 3 | 1.00 | Libro | ||||
| Biblioteca del Cogreso de los Estados Unidos | Biblioteca de la Unidad de Ciencias Ingeniería y Humanidades | Biblioteca de la Unidad de Ciencias Ingeniería y Humanidades | General | 07/11/2018 | 3a.ed | Educación y Humanidades | HB122 R62 1983 | BCU000004442 | 07/11/2018 | C:1 | Libro | |||||||
| Biblioteca del Cogreso de los Estados Unidos | Biblioteca de la Unidad de Ciencias Ingeniería y Humanidades | Biblioteca de la Unidad de Ciencias Ingeniería y Humanidades | General | 07/11/2018 | 3a.ed | Educación y Humanidades | HB122 R62 1984 | BCU000004443 | 07/11/2018 | C:2 | Libro |